Normal view
MARC view
Entry Término temático
001 - NÚMERO DE CONTROL
- campo de control: 160364
003 - IDENTIFICADOR DEL NÚMERO DE CONTROL
- campo de control: CHAP
005 - FECHA Y HORA DE LA ÚLTIMA TRANSACCIÓN
- campo de control: 20230425172313.0
008 - DATOS DE LONGITUD FIJA
- campo de control de longitud fija: 220127|| aca||aabn | a|a d
040 ## - FUENTE DE LA CATALOGACIÓN
- Centro catalogador/agencia de origen: mxchpua
- Centro/agencia transcriptor: CHAP
150 ## - ENCABEZAMIENTO--TÉRMINO DE MATERIA
- Término de materia o nombre geográfico como elemento de entrada: Physicists
- Subdivisión de forma: Biography
- Subdivisión geográfica: Great Britain
670 ## - FUENTE DE DATOS ENCONTRADOS
- Cita de la fuente: Work cat.: (OSt)177156: Hawking, Stephen 160357, Breve historia de mi vida /, 2014
